| Registos Bibliográficos associados ao registo de autoridade |
|
Etiqueta de registo: 00254nam 2200025 450 001 2281048 003 http://id.bnportugal.gov.pt/bib/catbnp/2281048 100 ## $a20260317d2025 k y0pory01030103ba 101 0# $aeng$dpor 102 ## $aPT 105 ## $aa m 000yy 106 ## $ar 200 1# $a A criação e composição musical como resolução de problemas$ecaminhos para o ensino, aprendizagem e avaliação em música no 3º CEB$dMusical creation and composition as problem solving$eapproaches to teaching, learning and assessment of music in the 3rd CBE$fMaria João Pinto de Vasconcelos Lopes$gorient. Maria Helena Ribeiro da Silva Caspurro, Nilza Maria Vilhena da Costa$zeng 210 #9 $aAveiro$c[s.n.],$d2025 215 ## $a[10], 260 f.$cil.$d30 cm 328 #1 $aTese dout. Educação, Universidade de Aveiro, 2025 510 1# $aMusical creation and compositionas problem solving$eapproaches to teaching, learning and assessment of music in the 3rd CBE$zeng 675 ## $a37.015(469)(043)$vBN$zpor$31335831 675 ## $a373.34(469)(043)$vBN$zpor$31225561 700 #1 $aLopes,$bMaria João Pinto de Vasconcelos$31991892 702 #1 $aCaspurro,$bMaria Helena Ribeiro da Silva$4727$394272 702 #1 $aCosta,$bNilza Maria Vilhena Nunes da$4727$31407301 801 #0 $aPT$bBN$gRPC 966 ## $lBN$mFGMON$sS.C. 168921 V.$x1 971 ## $cabrito$d20260317 972 ## $e0$z0$d20260416$vlrevez 973 ## $csteixeira$d20260415
|
|
|